LEADER 01374nam 2200397Ia 450 001 9910698943803321 005 20090709151533.0 035 $a(CKB)5470000002398438 035 $a(OCoLC)423398152 035 $a(EXLCZ)995470000002398438 100 $a20090709d2001 ua 0 101 0 $aeng 135 $auran||||||||| 181 $ctxt$2rdacontent 182 $cc$2rdamedia 183 $acr$2rdacarrier 200 00$aGuidance for industry$b[electronic resource] $eenvironmental impact assessments (EIA's) for veterinary medicinal products (VMP's)-phase 1 210 1$aRockville, MD :$cU.S. Dept. of Health and Human Services, Food and Drug Administration, Center for Veterinary Medicine,$d[2001] 215 $a10 pages $cdigital, PDF file 300 $aTitle from PDF title page (viewed on July 9, 2009). 300 $a"VICH GL6". 300 $a"Final guidance". 300 $a"March 7, 2001". 320 $aIncludes bibliographical references (page 9). 517 $aGuidance for industry 606 $aEnvironmental impact analysis 606 $aVeterinary drugs 615 0$aEnvironmental impact analysis. 615 0$aVeterinary drugs. 712 02$aCenter for Veterinary Medicine (U.S.) 801 0$bGPO 801 1$bGPO 906 $aBOOK 912 $a9910698943803321 996 $aGuidance for industry$93434577 997 $aUNINA